| 000 | 00619cam a22001697a 4500 | ||
|---|---|---|---|
| 008 | 180718b1973 xxu||||| |||| 00| 0 eng d | ||
| 082 | _aL203x54 M295/1973 (R) | ||
| 100 | _aManchanda, S.C. | ||
| 245 |
_aEncyclopaedia of current taxation laws (as amended up -to-date) with Black Money Bill viz. The Taxation Laws (Amendment) Bill. 1973. (No.34 of 1973) _cby S.C. Manchanda and Jagdish Lal |
||
| 250 | _a3rd ed. | ||
| 260 |
_aDelhi _bLaw Home _c1973 |
||
| 650 | _aGift Tax - India | ||
| 650 | _aEstate Tax - India | ||
| 650 | _aIncome Tax - India | ||
| 650 | _aTaxation - India - Legislation | ||
| 700 | _aJagdish Lal | ||
| 999 |
_c349785 _d349785 |
||